Houston Texans All Time Statistical Leaders - Statistics

General Stats
  • This quiz has been taken 18 times
  • The average score is 30 of 80
Answer Stats
Hint Answer % Correct
13391 David Carr
94%
1235 David Carr
94%
23221 Matt Schaub
94%
13597 Andre Johnson
88%
6472 Arian Foster
88%
2268 Arian Foster
88%
8602 DeAndre Hopkins
88%
14539 Deshaun Watson
88%
1677 Deshaun Watson
88%
4108 C.J. Stroud
81%
5955 Davis Mills
75%
101 J.J. Watt
75%
409 J.J. Watt
75%
8 Brian Cushing
69%
13.5 Brian Cushing
69%
424 Brian Cushing
69%
2957 Brock Osweiler
69%
175 Ka'imi Fairbairn
69%
52 Ka'imi Fairbairn
69%
2483 Ryan Fitzpatrick
63%
3716 Trevor Daniel
63%
479 DeMeco Ryans
56%
17 Johnathan Joseph
56%
421 Johnathan Joseph
56%
2934 Lamar Miller
56%
2224 Nico Collins
56%
4617 Owen Daniels
56%
3195 Domanick Williams
50%
16 Kareem Jackson
50%
469 Kareem Jackson
50%
53 Mario Williams
50%
2407 Alfred Blue
44%
27.5 Antonio Smith
44%
2486 Case Keenum
44%
57 Whitney Mercilus
44%
3110 Will Fuller
44%
2886 Brandin Cooks
38%
1355 Dameon Pierce
38%
29 Jadeveon Clowney
38%
2606 Brian Hoyer
31%
1 Dare Ogunbowale
31%
4150 Donnie Jones
31%
4083 Kevin Walter
31%
172 Kris Brown
31%
1832 Steve Slaton
31%
314 Bernardrick McKinney
25%
11 Aaron Glenn
19%
12 Andre Hal
19%
1992 Ben Tate
19%
19 Connor Barwin
19%
61 Randy Bullock
19%
3380 Sage Rosenfels
19%
20461 Shane Lechler
19%
23 Jonathan Greenard
13%
7 Justin Reid
13%
53 Nick Novak
13%
1385 Ron Dayne
13%
358 Zach Cunningham
13%
14.5 Brooks Reed
6%
1992 Corey Bradford
6%
13 Dunta Robinson
6%
333 Dunta Robinson
6%
300 Jamie Sharper
6%
7 Jason Allen
6%
59 Neil Rackers
6%
9 Quintin Demps
6%
31 Shayne Graham
6%
590 Ty Zentner
6%
2573 Brett Hartmann
0%
4599 Bryan Anger
0%
11482 Cameron Johnston
0%
17908 Chad Stanley
0%
2 Dominik Eberle
0%
2009 Jabar Gaffney
0%
4 Joey Slye
0%
15 Kailee Wong
0%
11 Marcus Coleman
0%
6 Matt Ammendola
0%
10735 Matt Turk
0%
289 Morlon Greenwood
0%
No matching quizzes found
Score Distribution
Percent of People with Each Score
Percentile by Number Answered
Your Score History
You have not taken this quiz